| 000 | 00497cam a22001932a 4500 | ||
|---|---|---|---|
| 001 | 020966 | ||
| 003 | AR-FADEU | ||
| 008 | 311216n1968####xxu####################dd | ||
| 092 |
_a401 _bC554 _eJLS |
||
| 100 | _aChristensen, N. E. | ||
| 245 | _aSobre la naturaleza del significado | ||
| 260 | _aBarcelona | ||
| 260 | _bLabor | ||
| 260 | _c1968 | ||
| 300 | _a227 p | ||
| 440 |
_aNueva colección labor _n73 |
||
| 650 | _a/LINGUISTICA/FILOSOFIA DEL LENGUAJE; SIGNIFICADO/JLS/ | ||
| 942 | _cJLS | ||
| 999 |
_c26685 _d26685 |
||